000
00287nam a22001337a 4500
020
_a
81-8153422-0
082
_a
823
_b
AAK/G
100
_a
AAKANKSHA
245
_a
GRANDMA'S STORIES
260
_a
DELHI
_b
RAINBOW BOOKS
300
_a
16
650
_a
ENGLISH SHORT STORY
_z
DELHI
942
_c
BK
999
_c
5355
_d
5355